000 00765nam a2200253Ia 4500
003 OSt
005 20220928124327.0
006 a|||||r|||| 00| 0
007 ta
008 220927b |||||||| |||| 00| 0 eng d
020 _c3835.5999999999999
024 _a125458
037 _b180, 17/12/2014, Classic Book Service
_cTextual
040 _aSDCL
_cSDCL
_beng
041 _2eng
_aeng
082 _aX65:8, Q4
100 _aSagner James S.
_9464394
245 0 _aWorking capital management
_b Applications and case studies
260 _aHoboken
_bWiley
_c2014
300 _axv;288p.
_ccm.
650 _aFinancial Studies
942 _hX65:8, Q4
_cTEXL
_2CC
999 _c777309
_d777309